Ville Pokémon - Kalos - Statistiques

Statistiques générales
  • Ce quiz a été pris 16 fois
  • Le résultat moyen est 10 sur 22
Statistiques - réponses
Réponse % Correct
Illumis
100%
Yantreizh
77%
Bourg Croquis
69%
Roche-sur-Gliffe
69%
Auffrac-les-Congères
62%
Mozheim
62%
Neuvartault
62%
Port Tempères
62%
Relifac-le-haut
62%
Cromlac'h
54%
Flusselles
54%
La Frescale
54%
Quarellis
54%
Romant-sous-bois
54%
Batisques
46%
Fort-Vanitas
46%
Balsamique
0%
Fleurville
0%
Florenville
0%
Lagonville
0%
Laurier-ville
0%
Village de l'Odyssée
0%
Aucun quiz correspondant
Distribution des résultats
% des personnes avec chaque résultat
Percentile par nombre de réponses
Votre historique - résultats
Vous n’avez pas pris ce quiz